Qué es la inteligencia?

Gespeichert in:
Bibliographische Detailangaben
1. Verfasser: Khalfa, Jean (VerfasserIn)
Format: Buch
Sprache:Spanisch
Veröffentlicht: Madrid Alianza 1995
Schriftenreihe:Alianza Psicología Minor
Schlagworte:
Tags: Tag hinzufügen
Keine Tags, Fügen Sie den ersten Tag hinzu!

MARC

LEADER 00000nam a2200000 a 4500
001 UCT0773
003 CL-VaPUC
008 960906e19950000SP |||||||||||||||||spa|d
082 0 4 |a 153.9  |b KHA  |2 21 
100 0 |a Khalfa, Jean  |e author  |9 369231 
245 1 0 |a Qué es la inteligencia? 
300 |a 212 p 
942 |c BK 
945 |d 19960906 00:00:00  |a nastorga 
260 |a Madrid  |b Alianza  |c 1995 
650 0 |a Inteligencia  |9 267038 
650 0 |a Lenguaje   |9 265069 
650 0 |a Comprensión   |9 339377 
650 0 |a Procesos mentales superiores  |9 330839 
650 0 |a Aptitud  |9 335650 
650 7 |a CAPACIDAD  |2 CL-VaPUC  |9 336048 
650 0 |a Cognición   |9 270347 
650 7 |a EDUCABILIDAD  |2 CL-VaPUC  |9 369233 
583 |a last modification  |c 19960906 00:00:00  |k Rodrigo Vera 
490 0 |a Alianza Psicología Minor 
999 |c 251479  |d 251477 
952 |0 0  |1 0  |4 0  |6 153_900000000000000_KHA_1995  |7 0  |8 A  |9 270666  |a BIBEDU  |b BIBEDU  |d 2019-11-19  |i 3228002  |l 1  |o 153.9 KHA 1995  |p 3228002  |r 2023-03-13  |s 2023-03-13  |w 2019-11-19  |y BK  |k EPE